Alhamra behtreen afsany (Record no. 329783)
[ view plain ]
| 000 -LEADER | |
|---|---|
| fixed length control field | nam a22 7a 4500 |
| 003 - CONTROL NUMBER IDENTIFIER | |
| control field | NUST |
| 005 - DATE AND TIME OF LATEST TRANSACTION | |
| control field | 20170614120613.0 |
| 008 - FIXED-LENGTH DATA ELEMENTS--GENERAL INFORMATION | |
| fixed length control field | 170522b xxu||||| |||| 00| 0 eng d |
| 020 ## - INTERNATIONAL STANDARD BOOK NUMBER | |
| International Standard Book Number | 9695161510 |
| 040 ## - CATALOGING SOURCE | |
| Transcribing agency | NUST |
| 041 ## - LANGUAGE CODE | |
| Language code of original | urdu |
| 082 ## - DEWEY DECIMAL CLASSIFICATION NUMBER | |
| Classification number | 891.4393 |
| Author Mark | ANS |
| 100 ## - MAIN ENTRY--PERSONAL NAME | |
| Personal name | Alhamra |
| 9 (RLIN) | 1273 |
| 245 ## - TITLE STATEMENT | |
| Title | Alhamra behtreen afsany |
| Statement of responsibility, etc. | by Alhamra, compiled by Sehar Ansari and Shugufta Iftekhar |
| 260 ## - PUBLICATION, DISTRIBUTION, ETC. | |
| Place of publication, distribution, etc. | Islamabad: |
| Name of publisher, distributor, etc. | Alhamra |
| Date of publication, distribution, etc. | 2004 |
| 300 ## - PHYSICAL DESCRIPTION | |
| Extent | 403 p. |
| 500 ## - GENERAL NOTE | |
| General note | Novel |
| 546 ## - LANGUAGE NOTE | |
| Language note | In urdu |
| 650 ## - SUBJECT ADDED ENTRY--TOPICAL TERM | |
| Topical term or geographic name entry element | Urdu Literature |
| 9 (RLIN) | 347 |
| 880 ## - ALTERNATE GRAPHIC REPRESENTATION | |
| Title | الحمرا بہترین افسانے |
| Linkage | 245-02\(3\r |
| 880 ## - ALTERNATE GRAPHIC REPRESENTATION | |
| Title | الحمرا |
| Linkage | 100-01\(3\r |
| 880 ## - ALTERNATE GRAPHIC REPRESENTATION | |
| Title | اسلام آباد: |
| Linkage | 260-03\(3\r |
| b | الحمرا پبلشنگ، |
| c | 2004 |
| 942 ## - ADDED ENTRY ELEMENTS (KOHA) | |
| Source of classification or shelving scheme | |
| Koha item type | Book |
| Withdrawn status | Lost status | Source of classification or shelving scheme | Damaged status | Not for loan | Permanent Location | Current Location | Shelving location | Date acquired | Total Checkouts | Total Renewals | Full call number | Barcode | Date last seen | Date last checked out | Copy number | Price effective from | Koha item type |
|---|---|---|---|---|---|---|---|---|---|---|---|---|---|---|---|---|---|
| Central Library (CL) | Central Library (CL) | Fiction | 05/22/2017 | 1 | 3 | 891.4393 ALH | CL2978 | 05/28/2022 | 11/21/2017 | 1 | 05/22/2017 | Book |
